| 000 | 01690nam a22002417a 4500 | ||
|---|---|---|---|
| 999 |
_c63700 _d63700 |
||
| 003 | Ge_BSU | ||
| 005 | 20251211155757.0 | ||
| 008 | 251211s2023 ge ||||| |||| 00| 0 geo d | ||
| 020 | _a9789941986758 | ||
| 041 | _ageo | ||
| 080 | _a821.353.1-94 კ -17 | ||
| 100 |
_aკაკაბაძე, მანანა _926457 |
||
| 245 |
_aმამაჩემი პოლიკარპე კაკაბაძე - "ყვარყვარე თუთაბერის" ავტორი : _b[მოგონებები] / _cმანანა კაკაბაძე; რედაქტორი მაია გურაბანიძე; წინათქმა ლევან თაქთაქიშვილი; ყდის დიზაინერი, ილუსტრატორი მარი გირკელიძე. |
||
| 264 |
_aთბილისი : _bსაქართველოს პარლამენტის ეროვნული ბიბლიოთეკა, _c2023. |
||
| 300 |
_a279 გვ. ; _b 22 სმ. |
||
| 653 | _aკაკაბაძე, პოლიკარპე, 1893-1972. | ||
| 653 | _aქართველი მწერლები | ||
| 653 | _aქართული მემუარული ლიტერატურა | ||
| 700 |
_aგურაბანიძე, მაია _eრედაქტორი _926458 |
||
| 700 |
_aთაქთაქიშვილი, ლევან _eწინათქმის ავტორი _9328 |
||
| 700 |
_aგირკელიძე, მარი _e ილუსტრატორი, ყდის დიზაინერი _926459 |
||
| 942 |
_2udc _cBK |
||